00598nam a2200205Ia 450000500170000000800460001703700110006304000080007404000080008204000080009004100080009804100080010608400080011410000440012224501020016626000090026830000100027765000240028770000810031120260430150708.0008 250103s9999 xx 000 0 eng d aTheses aCRL beng ceng 2eng aeng qCRL aYadav Vikash Au.; Narsimhan Ranjana Gu. 0aNuclear Policy of Japan And Interest groups: Post-Fukushima Nuclear Policy and Security Analysis c2024 a232p. aEast Asia - History aUniversity of Delhi. Faculty of Social Science. Deptt. of East Asian Studies